| 000 | 00469cam a22001097a 4500 | ||
|---|---|---|---|
| 008 | 180718b1972 xxu||||| |||| 00| 0 eng d | ||
| 082 | _aR112x54 In2r$ | ||
| 245 |
_aStudy of the employment pattern of the post-graduate tudent of university of Calcutta _cby Ministry of Labour and Rehbilitation, Committee of Unemployment |
||
| 260 |
_aNew Delhi _bGovernment of India _c1972 |
||
| 300 | _a72p | ||
| 700 | _aIndia, Ministry of Labour and Rehbilitation, Committee of Unemployment | ||
| 999 |
_c495689 _d495689 |
||